All of Måneskin's songs - Statistics

General Stats
  • This quiz has been taken 6 times
  • The average score is 29 of 51
Answer Stats
Hint Answer % Correct
B Beggin'
100%
Z ZITTI E BUONI
100%
C CORALINE
83%
G GOSSIP
83%
I I WANNA BE YOUR SLAVE
83%
L L'altra dimensione
83%
L LA PAURA DEL BUIO
83%
M MAMMAMIA
83%
O OWN MY MIND
83%
S SUPERMODEL
83%
T Torna a casa
83%
V VALENTINE
83%
B Baby said
67%
C Chosen
67%
G GASOLINE
67%
I IN NOME DEL PADRE
67%
K KOOL KIDS
67%
L LA FINE
67%
L Le parole lontane
67%
L LIVIDI SUI GOMITI
67%
M MARK CHAPMAN
67%
N New song
67%
R READ YOUR DIARY
67%
T THE LONELIEST
67%
V VENT'ANNI
67%
B BLA BLA BLA
50%
F Fear for nobody
50%
F FOR YOUR LOVE
50%
I IF NOT FOR YOU
50%
I Immortale
50%
L Let's get it started
50%
O OFF MY FACE
50%
R Recovery
50%
S Somebody told me
50%
T THE DRIVER
50%
T TIMEZONE
50%
T TRASTEVERE
50%
V VENGO DALLA LUNA
50%
Y You need me, I don't need you
50%
A Are you ready?
33%
C Close to the top
33%
S Close to the top
33%
D DONT WANNA SLEEP
33%
F FEEL
33%
H HONEY (ARE U COMING?)
33%
I IL DONO DELLA VITA
33%
N Niente da dire
33%
S Shit blvd
33%
T TOUCH ME
33%
L Lascami stare
0%
M Morirò de Re
0%
No matching quizzes found
Score Distribution
Percent of People with Each Score
Percentile by Number Answered
Your Score History
You have not taken this quiz